000 00336nam a22001457a 4500
008 250417b ||||| |||| 00| 0 eng d
020 _a9789928391254
041 _aSHQIP
080 _22023
_a82SHE
082 _282SHE
_a82SHE
100 _a01
101 _aGJUHE DHE LETERSI
245 _aMAKBETHI
_cUILIAM SHEKSPIR
942 _2udc
_cBK
999 _c60650
_d60650